LEADER 01193nam a2200301 a 4500 001 000000136479 003 CaOOAMICUS 005 20131128121128.0 008 131128s1998 it u000 u ita r 020 $a88-11-58810-3 040 $aPUL$bita 041 1 $aita$hger 100 1 $aKlingemann, August.$0(OLS)http://pul/name/87912 240 10$aNachtwachen von Bonaventura.$lItaliano.$0(OLS)http://pul/title/172696 245 13$aLe veglie di Bonaventura /$cAugust Klingemann ; introduzione e traduzione di Elena Agazzi. 260 $aMilano :$bGarzanti,$c1998. 300 $aXX, 135 p. ;$c18 cm 490 1 $aGrandi libri Garzanti 700 1 $aAgazzi, Elena,$d1961-$0(OLS)http://pul/name/71340 830 2$aI Grandi libri Garzanti.$0(OLS)http://pul/title/166297 850 $aPUL 852 $aPUL$W1$xDP1 Fondo E. Rossi$y115$m2 D 52$j157203$qFondi$B156671$CPULBib$Z2$F156671 $82 941 1 $a1 961 $aSul dorso collocazione ms. di E. Rossi: IV 54 1 996 $6020$a88-11-58810-3$9(OLS)http://pul/number/154028 996 $6245$aLe veglie di Bonaventura$9(OLS)http://pul/title/172698 996 $6260$aMilano :$bGarzanti$9(OLS)http://pul/publisher/49146 LEADER 01295nas a2200289 a 4500 001 000000163586 003 CaOOAMICUS 005 20171024105428.0 008 171024c1948 sp qr p u0 a0spa r 022 $a0210-301X 032 $aLibriCat 040 $aPUL$bita 245 10$aAnuario de derecho civil. 260 $aMadrid :$bMinisterio de Justicia y Consejo Superior de Investigaciones Científicas,$c1948- 300 $a v. ;$c24 cm. 310 $aTrimestrale 650 4$aDiritto civile$zSpagna$xPeriodici.$0(OLS)http://pul/subject/33543 710 2 $aConsejo Superior de Investigaciones Científicas (Spagna).$0(OLS)http://pul/name/3069 710 1 $aSpagna.$bMinisterio de Justicia.$0(OLS)http://pul/name/105090 710 2 $aInstituto nacional de estudios jurídicos (Madrid).$0(OLS)http://pul/name/28213 850 $aPUL 852 $aPUL$W1$xDP1 Riviste Cessate$y16$mDP 301 C 1$j187749$bV. 2 (1949)-v. 13 (1960) lacunoso$qPeriodici$B190828$CPULBib$Z2$F190828 $82 941 1 $a5 996 $6022$a0210-301X$9(OLS)http://pul/number/163237 996 $6245$aAnuario de derecho civil$9(OLS)http://pul/title/203294 996 $6260$aMadrid :$bMinisterio de Justicia y Consejo Superior de Investigaciones Científicas$9(OLS)http://pul/publisher/86489